000 00801nam a22002297a 4500
005 20170124110108.0
010 _aA-777166
020 _c00.00
_a070692277X
035 _aA-777166
037 _bCen Lib/Ret
040 _aDPL
_bEN
082 _a954.09
_bGHO
100 _aGhosh, Suresh Chandra
_920296
245 _aIndian nationalism :
_cby Suresh Chandra Ghosh
_ba case study for the first university reform by the British Raj /
260 _aNew Delhi
_bVikas Publishing House
_c1985
270 _a5, Ansari Road
_bNew Delhi
_e110002
300 _a195p.
_c20cm(Hb)
500 _aIncludes bibliographical references and index
650 _aHigher education and state -- India
_928509
650 _aNationalism and education -- India
_928510
942 _2ddc
_cEN
_h954.09
_mGHO
999 _c130176
_d130176